<?xml version="1.0" encoding="UTF-8"?>
<record
    xmlns:xsi="http://www.w3.org/2001/XMLSchema-instance"
    xsi:schemaLocation="http://www.loc.gov/MARC21/slim http://www.loc.gov/standards/marcxml/schema/MARC21slim.xsd"
    xmlns="http://www.loc.gov/MARC21/slim">

  <leader>04730cam a2200805 a 4500</leader>
  <controlfield tag="001">7902891</controlfield>
  <controlfield tag="003">000033</controlfield>
  <controlfield tag="005">20221006212602.0</controlfield>
  <controlfield tag="008">090924s2010    enka     b    000 0 eng  </controlfield>
  <datafield tag="015" ind1=" " ind2=" ">
    <subfield code="a">GBA997707</subfield>
    <subfield code="2">bnb</subfield>
  </datafield>
  <datafield tag="016" ind1="7" ind2=" ">
    <subfield code="a">015386267</subfield>
    <subfield code="2">Uk</subfield>
  </datafield>
  <datafield tag="020" ind1=" " ind2=" ">
    <subfield code="a">9781854379238 (hbk.)</subfield>
  </datafield>
  <datafield tag="020" ind1=" " ind2=" ">
    <subfield code="a">1854379232 (hbk.)</subfield>
  </datafield>
  <datafield tag="029" ind1="1" ind2=" ">
    <subfield code="a">CDX</subfield>
    <subfield code="b">10806483</subfield>
  </datafield>
  <datafield tag="029" ind1="1" ind2=" ">
    <subfield code="a">UNITY</subfield>
    <subfield code="b">120657473</subfield>
  </datafield>
  <datafield tag="029" ind1="1" ind2=" ">
    <subfield code="a">UKRED</subfield>
    <subfield code="b">1854379232</subfield>
  </datafield>
  <datafield tag="029" ind1="1" ind2=" ">
    <subfield code="a">LGL</subfield>
    <subfield code="b">1854379232</subfield>
  </datafield>
  <datafield tag="029" ind1="1" ind2=" ">
    <subfield code="a">UKLON</subfield>
    <subfield code="b">1854379232</subfield>
  </datafield>
  <datafield tag="029" ind1="1" ind2=" ">
    <subfield code="a">UKLMB</subfield>
    <subfield code="b">1854379232</subfield>
  </datafield>
  <datafield tag="029" ind1="1" ind2=" ">
    <subfield code="a">GEBAY</subfield>
    <subfield code="b">11690591</subfield>
  </datafield>
  <datafield tag="029" ind1="1" ind2=" ">
    <subfield code="a">NZ1</subfield>
    <subfield code="b">13223598</subfield>
  </datafield>
  <datafield tag="029" ind1="1" ind2=" ">
    <subfield code="a">AU@</subfield>
    <subfield code="b">000045829368</subfield>
  </datafield>
  <datafield tag="035" ind1=" " ind2=" ">
    <subfield code="a">(OCoLC)ocn455828860</subfield>
  </datafield>
  <datafield tag="035" ind1=" " ind2=" ">
    <subfield code="a">(OCoLC)455828860</subfield>
  </datafield>
  <datafield tag="035" ind1=" " ind2=" ">
    <subfield code="a">(NNC)7902891</subfield>
  </datafield>
  <datafield tag="040" ind1=" " ind2=" ">
    <subfield code="a">UKM</subfield>
    <subfield code="c">UKM</subfield>
    <subfield code="d">YDXCP</subfield>
    <subfield code="d">CDX</subfield>
    <subfield code="d">ERASA</subfield>
    <subfield code="d">BWKUK</subfield>
    <subfield code="d">BWK</subfield>
    <subfield code="d">GEBAY</subfield>
    <subfield code="d">UKTTE</subfield>
    <subfield code="d">N15</subfield>
  </datafield>
  <datafield tag="050" ind1=" " ind2="4">
    <subfield code="a">N7380.5</subfield>
    <subfield code="b">.A37 2010</subfield>
  </datafield>
  <datafield tag="082" ind1="0" ind2="4">
    <subfield code="a">704.0396</subfield>
    <subfield code="b">B282a</subfield>
    <subfield code="2">22</subfield>
  </datafield>
  <datafield tag="245" ind1="0" ind2="0">
    <subfield code="a">Afro modern :</subfield>
    <subfield code="b">journeys through the Black Atlantic /</subfield>
    <subfield code="c">edited by Tanya Barson &amp; Peter Gorschl&#xFC;ter ; with contributions by Petrine Archer ... [et al.].</subfield>
  </datafield>
  <datafield tag="260" ind1=" " ind2=" ">
    <subfield code="a">Liverpool [England] :</subfield>
    <subfield code="b">Tate Liverpool ;</subfield>
    <subfield code="a">London :</subfield>
    <subfield code="b">In association with Tate Publishing ;</subfield>
    <subfield code="a">New York :</subfield>
    <subfield code="b">Distributed in the USA by Harry N. Abrams,</subfield>
    <subfield code="c">2010.</subfield>
  </datafield>
  <datafield tag="300" ind1=" " ind2=" ">
    <subfield code="a">223 p. :</subfield>
    <subfield code="b">col. ill. ;</subfield>
    <subfield code="c">26 cm.</subfield>
  </datafield>
  <datafield tag="500" ind1=" " ind2=" ">
    <subfield code="a">Published on the occasion of the exhibition at Tate Liverpool, 29 January until 25 April 2010.</subfield>
  </datafield>
  <datafield tag="504" ind1=" " ind2=" ">
    <subfield code="a">Includes bibliographical references.</subfield>
  </datafield>
  <datafield tag="505" ind1="0" ind2=" ">
    <subfield code="t">Introduction: modernism and the Black Atlantic /</subfield>
    <subfield code="r">Tanya Barson --</subfield>
    <subfield code="t">Negrophilia, diaspora, and moments of crisis /</subfield>
    <subfield code="r">Petrine Archer --</subfield>
    <subfield code="t">Cosmopolitan contact zones /</subfield>
    <subfield code="r">Kobena Mercer --</subfield>
    <subfield code="t">They've all got painting : Frank Bowling's modernity and the post-1960 Atlantic /</subfield>
    <subfield code="r">Courtney J. Martin --</subfield>
    <subfield code="t">A conversation with &#xC9;douard Glissant aboard the Queen Mary II /</subfield>
    <subfield code="r">Manthia Diawara --</subfield>
    <subfield code="t">Bridging the Atlantic and other gaps : artistic Connecticut between Brazil and Africa--and beyond /</subfield>
    <subfield code="r">Roberto Conduru --</subfield>
    <subfield code="t">Post/Black/Atlantic : a conversation with Thelma Golden and Glenn Ligon /</subfield>
    <subfield code="r">Huey Copeland.</subfield>
  </datafield>
  <datafield tag="520" ind1=" " ind2=" ">
    <subfield code="a">'Afro Modern: Journeys through the Black Atlantic' explores the impact of different black cultures from around the Atlantic on art from the early twentieth-century to today. The exhibition takes its inspiration from Paul Gilroy's influential book 'The Black Atlantic: Modernity and Double Consciousness' 1993. It features over 140 works by more than 60 artists. Gilroy used the term 'The Black Atlantic' to describe the transmission of black cultures around the Atlantic, and the instances of cultural hybridity, that occurred as a result of transatlantic slavery and its legacy. 'Afro Modern: Journeys through the Black Atlantic' reflects Gilroy's idea of the Atlantic Ocean as a 'continent in negative', offering a network connecting Africa, North and South America, the Caribbean and Europe. It traces both real and imagined routes taken across the Atlantic, and highlights artistic links and dialogues from the early twentieth-century to today. The exhibition is divided into seven chronological sections. Charting new forms of art arising from black culture and the work of black artists and intellectuals, it opens up an alternative, transatlantic reading of modernism and contemporary culture.</subfield>
  </datafield>
  <datafield tag="600" ind1=" " ind2="0">
    <subfield code="a">Schoenholz Bee, Harriet</subfield>
    <subfield code="t">Black atlantic.</subfield>
    <subfield code="9">40</subfield>
  </datafield>
  <datafield tag="600" ind1="1" ind2="4">
    <subfield code="a">Bearden, Romare,</subfield>
    <subfield code="d">1911-1988.</subfield>
    <subfield code="9">41</subfield>
  </datafield>
  <datafield tag="600" ind1="1" ind2="4">
    <subfield code="a">Brancusi, Constantin,</subfield>
    <subfield code="d">1876-1957.</subfield>
    <subfield code="9">42</subfield>
  </datafield>
  <datafield tag="600" ind1="1" ind2="4">
    <subfield code="a">Colin, Paul,</subfield>
    <subfield code="d">1892-1985.</subfield>
    <subfield code="9">43</subfield>
  </datafield>
  <datafield tag="600" ind1="1" ind2="4">
    <subfield code="a">Cox, Ren&#xE9;e,</subfield>
    <subfield code="d">1960-</subfield>
    <subfield code="9">44</subfield>
  </datafield>
  <datafield tag="600" ind1="1" ind2="4">
    <subfield code="a">Douglas, Aaron,</subfield>
    <subfield code="d">1899-1979.</subfield>
    <subfield code="9">45</subfield>
  </datafield>
  <datafield tag="600" ind1="1" ind2="4">
    <subfield code="a">Evans, Walker,</subfield>
    <subfield code="d">1903-1975.</subfield>
    <subfield code="9">46</subfield>
  </datafield>
  <datafield tag="600" ind1="1" ind2="4">
    <subfield code="a">Fusco, Coco,</subfield>
    <subfield code="d">1960-</subfield>
    <subfield code="9">47</subfield>
  </datafield>
  <datafield tag="600" ind1="1" ind2="4">
    <subfield code="a">Ligon, Glenn,</subfield>
    <subfield code="d">1960-</subfield>
    <subfield code="9">48</subfield>
  </datafield>
  <datafield tag="600" ind1="1" ind2="4">
    <subfield code="a">Mendieta, Ana,</subfield>
    <subfield code="d">1948-1985.</subfield>
    <subfield code="9">49</subfield>
  </datafield>
  <datafield tag="600" ind1="1" ind2="4">
    <subfield code="a">Moore, Peter,</subfield>
    <subfield code="d">1932-1993.</subfield>
    <subfield code="9">50</subfield>
  </datafield>
  <datafield tag="600" ind1="1" ind2="4">
    <subfield code="a">Mutu, Wangechi,</subfield>
    <subfield code="d">1972-</subfield>
    <subfield code="9">51</subfield>
  </datafield>
  <datafield tag="600" ind1="1" ind2="4">
    <subfield code="a">Ofili, Chris,</subfield>
    <subfield code="d">1968-</subfield>
    <subfield code="9">52</subfield>
  </datafield>
  <datafield tag="600" ind1="1" ind2="4">
    <subfield code="a">Parks, Gordon,</subfield>
    <subfield code="d">1912-2006.</subfield>
    <subfield code="9">53</subfield>
  </datafield>
  <datafield tag="600" ind1="1" ind2="4">
    <subfield code="a">Pendleton, Adam,</subfield>
    <subfield code="d">1980-</subfield>
    <subfield code="9">54</subfield>
  </datafield>
  <datafield tag="600" ind1="1" ind2="4">
    <subfield code="a">P&#xE9;rez Bravo, Marta Mar&#xED;a,</subfield>
    <subfield code="d">1959-</subfield>
    <subfield code="9">55</subfield>
  </datafield>
  <datafield tag="600" ind1="1" ind2="4">
    <subfield code="a">Rosario, Arthur Bispo Do,</subfield>
    <subfield code="d">1909-1989.</subfield>
    <subfield code="9">56</subfield>
  </datafield>
  <datafield tag="600" ind1="1" ind2="4">
    <subfield code="a">Simpson, Lorna,</subfield>
    <subfield code="d">1960-</subfield>
    <subfield code="9">57</subfield>
  </datafield>
  <datafield tag="600" ind1="1" ind2="4">
    <subfield code="a">Van Der Zee, James,</subfield>
    <subfield code="d">1866-1983.</subfield>
    <subfield code="9">58</subfield>
  </datafield>
  <datafield tag="650" ind1=" " ind2="0">
    <subfield code="a">Art, Black</subfield>
    <subfield code="v">Exhibitions.</subfield>
    <subfield code="9">59</subfield>
  </datafield>
  <datafield tag="650" ind1=" " ind2="0">
    <subfield code="a">African American art</subfield>
    <subfield code="v">Exhibitions.</subfield>
    <subfield code="9">60</subfield>
  </datafield>
  <datafield tag="650" ind1=" " ind2="0">
    <subfield code="a">Race in art</subfield>
    <subfield code="v">Exhibitions.</subfield>
    <subfield code="9">61</subfield>
  </datafield>
  <datafield tag="650" ind1=" " ind2="0">
    <subfield code="a">Ethnicity in art</subfield>
    <subfield code="v">Exhibitions.</subfield>
    <subfield code="9">62</subfield>
  </datafield>
  <datafield tag="650" ind1=" " ind2="0">
    <subfield code="a">Modernism (Art)</subfield>
    <subfield code="v">Exhibitions.</subfield>
    <subfield code="9">63</subfield>
  </datafield>
  <datafield tag="650" ind1="0" ind2="7">
    <subfield code="a">Kunst</subfield>
    <subfield code="2">swd</subfield>
    <subfield code="9">64</subfield>
  </datafield>
  <datafield tag="650" ind1="0" ind2="7">
    <subfield code="a">Arte africano - influencias</subfield>
    <subfield code="9">65</subfield>
  </datafield>
  <datafield tag="651" ind1=" " ind2="7">
    <subfield code="a">Atlantischer Raum</subfield>
    <subfield code="2">swd</subfield>
    <subfield code="9">66</subfield>
  </datafield>
  <datafield tag="651" ind1=" " ind2="7">
    <subfield code="a">Schwarze</subfield>
    <subfield code="2">swd</subfield>
    <subfield code="9">67</subfield>
  </datafield>
  <datafield tag="700" ind1="1" ind2=" ">
    <subfield code="a">Barson, Tanya.</subfield>
    <subfield code="9">68</subfield>
  </datafield>
  <datafield tag="700" ind1="1" ind2=" ">
    <subfield code="a">Gorschl&#xFC;ter, Peter.</subfield>
    <subfield code="9">69</subfield>
  </datafield>
  <datafield tag="700" ind1="1" ind2=" ">
    <subfield code="a">Archer Straw, Petrine.</subfield>
    <subfield code="9">70</subfield>
  </datafield>
  <datafield tag="710" ind1="2" ind2=" ">
    <subfield code="a">Tate Gallery Liverpool.</subfield>
    <subfield code="9">71</subfield>
  </datafield>
  <datafield tag="948" ind1="1" ind2=" ">
    <subfield code="a">20100805</subfield>
    <subfield code="b">c</subfield>
    <subfield code="c">rhg9</subfield>
    <subfield code="d">SCMC</subfield>
  </datafield>
  <datafield tag="999" ind1=" " ind2=" ">
    <subfield code="c">12</subfield>
    <subfield code="d">12</subfield>
  </datafield>
  <datafield tag="952" ind1=" " ind2=" ">
    <subfield code="0">0</subfield>
    <subfield code="1">0</subfield>
    <subfield code="2">ddc</subfield>
    <subfield code="4">0</subfield>
    <subfield code="7">0</subfield>
    <subfield code="a">LV</subfield>
    <subfield code="b">LV</subfield>
    <subfield code="c">Pensamiento</subfield>
    <subfield code="d">2014-02-13</subfield>
    <subfield code="l">0</subfield>
    <subfield code="o">704.0396 B282a</subfield>
    <subfield code="p">000033</subfield>
    <subfield code="r">2014-02-13 00:00:00</subfield>
    <subfield code="w">2014-02-13</subfield>
    <subfield code="y">01</subfield>
  </datafield>
</record>
